Les noms de Mammifères par lettres -P - Statistiques

Statistiques générales
  • Ce quiz a été pris 137 fois
  • Le résultat moyen est 10 sur 40
Statistiques - réponses
Par images Réponse % Correct
Panda
100%
Panthère
99%
Phacochère
97%
Phoque
97%
Panda roux
95%
Puma
91%
Paresseux
90%
Porc-épic
85%
Pangolin
73%
Putois
56%
Potamochère
26%
Pécari
24%
Pipistrelle
20%
Pika
11%
Protèle
10%
Pudu
9%
Phalanger
8%
Paca
7%
Polatouche
6%
Potto
6%
Patas
5%
Pinché
4%
Pronghorn
4%
Pademelon
3%
Potamogale
3%
Propithèque
3%
Puku
3%
Pacarana
2%
Pétrogale
2%
Péramèle
1%
Pétrodrome
1%
Phyllorhine
1%
Planeur
1%
Potoroo / Potorous
1%
Pachyure
0%
Péroptère
0%
Phascogale
0%
Phyllostome
0%
Poyane
0%
Ptilocerque
0%
Aucun quiz correspondant
Distribution des résultats
% des personnes avec chaque résultat
Percentile par nombre de réponses
Votre historique - résultats
Vous n’avez pas pris ce quiz